00714nam a2200157 a 4500003000200000005001700002008004100019050003000060100002000090245019600110260009000306300004000396504004100436650004700477650003200524020250513115850.0970101s19uu xx 00 eng d aPHS LB 2806.35b.D86 2004 aDunn, Jerome S. aThe Study on the perceptions of students, teachers, and administrators on the factors on SISC's campus culture which Hinders the achievement of a high level of school pride /cJerome S. Dunn. aLas Piñas City, Philippines :bSouthville International School and Colleges,c2004. a76 pages :billustrations ;c28 cm. aIncludes bibliographical references. aSchool culturezPhilippinesxCase studies. aSchool spiritzPhilippines.